| Tag |
First Indicator |
Second Indicator |
Subfields |
| LEADER |
00000cam a2200000 4500 |
| 001 |
in00000053176 |
| 005 |
20151007080506.0 |
| 008 |
750718s1960 eng u |
| 010 |
|
|
|a 60012389
|
| 035 |
|
|
|a (OCoLC)01458116
|
| 035 |
|
|
|9 AAF4906AM
|
| 040 |
|
|
|c TOL
|d TXA
|d UtOrBLW
|
| 049 |
|
|
|a TXAM
|c [347478]
|
| 050 |
|
0 |
|a RC467
|b .K3
|
| 092 |
|
|
|a 132.075
|b K12p
|
| 100 |
1 |
|
|a Kahn, Theodore Charles.
|
| 245 |
1 |
0 |
|a Psychological techniques in diagnosis and evaluation /
|c by Theodore C. Kahn and Martin B. Giffen.
|
| 264 |
|
1 |
|a Oxford,
|a New York :
|b Pergamon Press,
|c 1960.
|
| 300 |
|
|
|a 164 pages :
|b illustrations ;
|c 23 cm.
|
| 336 |
|
|
|a text
|b txt
|2 rdacontent
|
| 337 |
|
|
|a unmediated
|b n
|2 rdamedia
|
| 338 |
|
|
|a volume
|b nc
|2 rdacarrier
|
| 504 |
|
|
|a Includes bibliography.
|
| 650 |
|
0 |
|a Clinical psychology.
|
| 700 |
1 |
|
|a Giffen, Martin B.
|q (Martin Brener)
|
| 999 |
|
|
|a MARS
|
| 999 |
f |
f |
|s b181525d-6634-313e-ab23-bc3486881d28
|i 1d0a2ddb-6058-354d-a304-9a7276b9cbc7
|t 0
|
| 952 |
f |
f |
|p ric
|a Texas A&M University
|b Rellis Campus
|c Joint Library Facility
|d Remote Storage
|t 0
|e RC467 .K3
|h Library of Congress classification
|i unmediated -- volume
|m A14800511587
|
| 998 |
f |
f |
|a RC467 .K3
|t 0
|l Remote Storage
|